CFD analysis and design refinement of killer drone models for selection of a final design (Record no. 322981)

000 -LEADER
fixed length control field 00420 a2200133 4500
001 - CONTROL NUMBER
control field 87908
082 ## - DEWEY DECIMAL CLASSIFICATION NUMBER
Classification number PR 259
090 ## - LOCALLY ASSIGNED LC-TYPE CALL NUMBER (OCLC); LOCAL CALL NUMBER (RLIN)
-- 41375
-- 41375
100 ## - MAIN ENTRY--PERSONAL NAME
Personal name Siddiq Akbar and Jawad M.; Tauqeer ul Islam Prof.
245 ## - TITLE STATEMENT
Title CFD analysis and design refinement of killer drone models for selection of a final design
Number of part/section of a work G-66
260 ## - PUBLICATION, DISTRIBUTION, ETC.
Place of publication, distribution, etc. Risalpur
Name of publisher, distributor, etc. NUST
Date of publication, distribution, etc. 2009
300 ## - PHYSICAL DESCRIPTION
Extent xiii, 109 p.
Accompanying material with CD
500 ## - GENERAL NOTE
General note BE project reports AE
942 ## - ADDED ENTRY ELEMENTS (KOHA)
Institution code [OBSOLETE] CAE NUST
Call number prefix PR 259
Holdings
Withdrawn status Lost status Damaged status Not for loan Collection code Permanent Location Current Location Date acquired Total Checkouts Full call number Barcode Date last seen Price effective from Koha item type
          College of Aeronautical Engineering (CAE) College of Aeronautical Engineering (CAE) 04/03/2017   PR 259 CAEPR-259 04/05/2017 04/05/2017 Book
© 2023 Central Library, National University of Sciences and Technology. All Rights Reserved.